[Event "USA-ch GpA"]
[Site "San Diego"]
[Date "2006.03.05"]
[Round "3"]
[White "Baginskaite, Camilla"]
[Black "Nakamura, Hikaru"]
[Result "1-0"]
[WhiteElo "2299"]
[BlackElo "2644"]
[Annotator "Ftacnik,L"]
[PlyCount "121"]
[EventDate "2006.03.02"]
[EventType "swiss"]
[EventRounds "9"]
[EventCountry "USA"]
[SourceTitle "CBM 112"]
[Source "ChessBase"]
[SourceDate "2006.06.07"]
[SourceVersion "1"]
[SourceVersionDate "2006.06.07"]
[SourceQuality "1"]

1. d4 d5 2. c4 e6 3. Nc3 c5 4. cxd5 cxd4 5. Qa4+ b5 6. Nxb5 Bd7 7. d6 Bxb5 8.
Qxb5+ Nd7 9. Nf3 Bxd6 10. g3 Ngf6 11. Bg2 Rb8 {Black must try to prove, that
his active center compensates for the missing light squared bishop.} (11... O-O
12. O-O Rb8 13. Qa4 Bc5 14. Rb1 e5 15. b4 e4 16. Ng5 e3 17. Rb3 exf2+ 18. Kh1
Bb6 19. Bf4 Rc8 20. Rd3 Re8 21. Qb3 Rc3 22. Rxc3 dxc3 23. Nxf7 $18 {1-0 Smolka,
A-Hammermeister,U/Recklinghausen 1999/ (29)}) 12. Qa4 e5 13. O-O O-O 14. Qxa7 (
14. Rb1 Nc5 $15) 14... Ra8 (14... Re8 15. Nd2 Nc5 16. Nc4 Nce4 $44) 15. Qb7 Nc5
(15... Rb8 16. Qa6 Nc5 17. Qc4 Qe7 $13) 16. Qb5 (16. Qb4 Qe7 17. Qc4 Rfc8 $44)
16... Qc7 17. Nd2 Rfb8 {Nakamura is now playing with a pawn and this makes his
position even more dangerous.} (17... e4 18. b4 Rfb8 19. Qc4 Ra4 20. a3 e3 21.
Qc2 exd2 22. Bxd2 $16) 18. Qc4 Ra4 19. Qc2 Qe7 (19... Ra7 $5) 20. b3 (20. Ne4
Nfxe4 21. Bxe4 g6 $13) 20... Ra6 21. Bb2 Qa7 (21... Qe6 22. Nc4 $14) 22. a3 (
22. Rfc1 Be7 23. a4 $14) 22... h5 (22... Be7 23. Rac1 $14) 23. Rac1 h4 24. b4
Na4 25. Ba1 (25. Nc4 Qd7 26. Ba1 $14) 25... Nb6 26. Bb2 Na4 27. Ba1 Qd7 $2 {
In retrospect it seems rather crazy to avoid draw by threefold repetition,
Baginskaite will now use the potential of her pieces.} (27... Nb6 28. Ne4 (28.
Bb2 Na4 $11) 28... Nxe4 29. Qxe4 hxg3 30. hxg3 Rxa3 31. b5 $11) 28. Ne4 $1 (28.
Bc6 $2 Qh3 $1 29. Bxa4 hxg3 30. hxg3 e4 31. Bd7 Nxd7 32. Qxe4 Bxg3 $17) 28...
Nxe4 29. Qxe4 h3 (29... Nb6 30. f4 $1 f6 31. Qd3 Qa7 32. Qf5 $16) 30. Bf3 Nb6
31. Bg4 $1 Qe7 32. Bb2 Na4 33. Ba1 (33. Rc8+ $5 Rxc8 34. Bxc8 Ra7 35. Bc1 Nc3
36. Qc2 $17) 33... Nb6 34. e3 $1 {The center and h3 pawn are falling, black is
in serious trouble.} Rxa3 (34... dxe3 35. Qxe3 Qa7 36. Bb2 $16) 35. exd4 Ra4 (
35... exd4 36. Qxd4 f6 37. Rc6 Be5 38. Qe4 $18) 36. dxe5 Bxb4 (36... Rxb4 37.
Qf5 g6 38. exd6 gxf5 39. dxe7 fxg4 40. Rfd1 $18) 37. e6 Bc3 38. exf7+ Qxf7 (
38... Kxf7 $2 39. Bh5+ Kf8 40. Qxe7+ Kxe7 41. Rxc3 $18) 39. Qe6 $1 {The rest
of the games is a purely technical matter.} Bxa1 40. Rxa1 Rxa1 41. Rxa1 Nd5 42.
Bxh3 Nf6 43. Ra7 Qxe6 44. Bxe6+ Kh8 45. h4 $18 Rb6 46. Bf5 Rb8 47. Kg2 Rf8 48.
Bg6 Ng4 49. f4 Kg8 50. h5 Kh8 51. Kh3 Nf6 52. Kh4 Rd8 53. g4 Rf8 54. Kg5 Ng8
55. Bf5 Nh6 56. Be6 Kh7 57. f5 Kh8 58. Kf4 Re8 59. g5 Ng8 60. Ke5 Ne7 61. Rc7
1-0

[Event "USA-ch GpA"]
[Site "San Diego"]
[Date "2006.03.11"]
[Round "9"]
[White "Onischuk, Alexander"]
[Black "Nakamura, Hikaru"]
[Result "1/2-1/2"]
[WhiteElo "2650"]
[BlackElo "2644"]
[Annotator "Marin,M"]
[PlyCount "130"]
[EventDate "2006.03.02"]
[EventType "swiss"]
[EventRounds "9"]
[EventCountry "USA"]
[SourceTitle "CBM 112"]
[Source "ChessBase"]
[SourceDate "2006.06.07"]
[SourceVersion "1"]
[SourceVersionDate "2006.06.07"]
[SourceQuality "1"]

1. d4 Nf6 2. c4 e6 3. Nf3 c5 4. d5 exd5 5. cxd5 d6 6. Nc3 g6 7. h3 Bg7 8. e4
O-O 9. Bd3 a6 10. a4 Nbd7 11. O-O Re8 12. Re1 Qc7 13. Bf4 $14 {If Black
refrains from the active lines 9...b5 or 9...Re8 10.0-0 c4, he usually gets a
passive position in the modern variation of the Benoni. Until a certain point,
this game is hardly an exception.} b6 14. Qd2 Bb7 {This is the worse possible
square for this bishop, but at least Black gets his rooks connected. Later,
after the queen's rook has crossed the c-file, the bishop can safely return to
c8. However, the weakness of the a6-square will be not that easy to be given a
reliable remedy.} 15. Bc4 {Safely blocking the c4-square, thus preventing any
possible black counterplay.} (15. Rad1 c4 16. Bc2 Rad8 17. Nd4 Nc5 18. Bg5 Rc8
19. Qf4 Nfd7 20. Bh6 Bh8 $5 {[%csl Gd3,Ge5][%cal Yd7e5]} (20... Be5 21. Qd2 $14
{1-0 Polak,T (2525)-Akintola,F (2265)/Elista 1998/CBM 066 ext (59)})) 15... Nh5
16. Bh2 {White maintains the pressure against the d6-pawn.} ({If the d4-square
has not been weakened by the advance of the c-pawn, the exchange of the
dark-squared bishops with} 16. Bh6 {makes Black's position easier to defend.}
Bxh6 17. Qxh6 Nhf6 18. Nd2 Re7 19. Be2 Rae8 20. Rad1 Kh8 21. Rc1 Ng8 22. Qg5
Ngf6 23. Qh6 Ng8 {1/2-1/2 Gundrum,A (2287)-Raimer,T (2138)/ICCF email 2000/
Corr 2002}) 16... h6 $5 $146 {A rather provocative move. Black acknoledges
that he has no active plan at his disposal and invites White to disclose his
intentions.} (16... Ne5 17. Bxe5 Bxe5 18. Nxe5 dxe5 $14 19. Rac1 Qd6 20. Bf1
Bc8 21. Nb1 Bd7 22. b3 b5 23. Qe3 Rec8 24. axb5 axb5 25. Rc2 Ra1 26. Nc3 Rxe1
27. Qxe1 c4 28. bxc4 bxc4 29. Nb1 f5 30. Nd2 c3 31. Nc4 Qb4 32. Rxc3 fxe4 33.
Rc1 $1 $16 {1-0 Kazhgaleyev,M (2596)-Glicenstein,A (2306)/Issy les Moulineaux
2004/CBM 100 ext (62)}) 17. g4 {There was no need to commit himself to such
concrete actions yet.} (17. Rad1 $14) 17... Nhf6 18. Rad1 h5 $1 {The typical
reaction to White's slightly premature advance of the g-pawn. Now, Black gets
at least some counterplay against White's king side weaknesses.} 19. g5 Nh7 20.
Bg3 Re7 21. Re2 Rae8 22. Rde1 Bc8 23. Kh2 ({The main drawback of Black's setup,
namely the weakness of the a6-pawn could have been highlighted by} 23. Qd3 $1 {
when Black would have faced problems coming up with adequate counterplay, for
instance} Bd4 24. Bxa6 (24. Nxd4 $6 cxd4 25. Qxd4 Nxg5) 24... Ne5 25. Nxe5 dxe5
26. h4 Bxa6 27. Qxa6 Qd7 28. Kg2 $14 {[%csl Gb5,Yb6]}) 23... b5 $1 $132 {
All of a sudden, Black's pieces become very active after this well-timed pawn
sacrifice.} 24. e5 (24. axb5 Nb6 25. Bd3 (25. b3 Qd7 26. Ng1 Nxg5 $132) 25...
Qd7 26. Ng1 axb5 27. Nxb5 (27. Bxb5 $6 Bxc3 $1) 27... c4 28. Nxd6 cxd3 $13)
24... h4 25. Bf4 Nxe5 $36 {In view of his perfect regroupment and of the white
king side weaknesses, Black has excellent chances.} 26. Bxe5 Qd7 27. Bxg7 Qxh3+
28. Kg1 Qg4+ 29. Kh2 Qh3+ 30. Kg1 Bg4 31. Nh2 Bxe2 32. Bxe2 Kxg7 33. axb5 Re5
34. f4 Re3 35. Kh1 axb5 36. Nxb5 Rg3 37. Bf1 Rxe1 38. Qxe1 Qf5 39. Qd2 Qe4+ 40.
Bg2 Qb1+ 41. Bf1 Qe4+ 42. Bg2 Qe7 43. Nc3 Re3 44. Ng4 Re1+ 45. Kh2 f6 46. gxf6+
Nxf6 47. Nxf6 Kxf6 48. b4 cxb4 49. Qd4+ Kf7 50. Ne4 b3 51. Qb4 Re3 52. Ng5+ Kg8
53. Ne6 Rg3 54. Qb8+ Kh7 55. Ng5+ Kg7 56. Ne6+ Kh7 57. Ng5+ Rxg5 58. fxg5 Qe5+
59. Kh1 Qe1+ 60. Kh2 Qe5+ 61. Kh1 b2 62. Qb7+ Kg8 63. Qb8+ Kf7 64. Qb7+ Ke8 65.
Qb8+ Ke7 1/2-1/2

[Event "Champions Challenge 141st"]
[Site "Playchess.com INT"]
[Date "2006.04.08"]
[Round "2.1"]
[White "Nakamura, Hikaru"]
[Black "Belozerov, Andrei"]
[Result "1-0"]
[WhiteElo "2632"]
[BlackElo "2581"]
[PlyCount "91"]
[EventDate "2006.04.08"]
[EventType "k.o. (blitz)"]
[EventRounds "5"]
[EventCountry "GER"]
[SourceTitle "EXT 2007"]
[Source "ChessBase"]
[SourceDate "2006.11.23"]
[SourceVersion "1"]
[SourceVersionDate "2006.11.23"]
[SourceQuality "1"]

1. e4 c5 2. Nf3 e6 3. d4 cxd4 4. Nxd4 Nf6 5. Nc3 d6 6. Bd3 Nc6 7. Nb3 a6 8. f4
b5 9. Qf3 Bd7 10. O-O Be7 11. Bd2 O-O 12. Rae1 Nb4 13. Kh1 Nxd3 14. cxd3 b4 15.
Ne2 a5 16. g4 Bb5 17. Nbd4 Qb6 18. f5 Nd7 19. Nxb5 Qxb5 20. d4 Rac8 21. Rc1 Qb7
22. Nf4 Nf6 23. Rxc8 Rxc8 24. fxe6 Qxe4 25. Qxe4 Nxe4 26. Nd5 Bh4 27. exf7+ Kf8
28. Be3 Nf6 29. Nb6 Rc2 30. g5 Kxf7 31. gxf6 Bxf6 32. b3 Rxa2 33. Bg5 Rb2 34.
Bxf6 gxf6 35. Rf3 Ke6 36. d5+ Kf7 37. Nc4 Ra2 38. Nxd6+ Kg6 39. Rg3+ Kh5 40.
Nf5 Rd2 41. d6 Rd5 42. Rh3+ Kg5 43. Rf3 a4 44. bxa4 b3 45. Rxb3 Rxf5 46. Rb5
1-0

[Event "Champions Challenge 141st"]
[Site "Playchess.com INT"]
[Date "2006.04.08"]
[Round "2.2"]
[White "Belozerov, Andrei"]
[Black "Nakamura, Hikaru"]
[Result "0-1"]
[WhiteElo "2518"]
[BlackElo "2632"]
[PlyCount "176"]
[EventDate "2006.04.08"]
[EventType "k.o. (blitz)"]
[EventRounds "5"]
[EventCountry "GER"]
[SourceTitle "EXT 2007"]
[Source "ChessBase"]
[SourceDate "2006.11.23"]
[SourceVersion "1"]
[SourceVersionDate "2006.11.23"]
[SourceQuality "1"]

1. d4 Nf6 2. c4 e6 3. Nc3 Bb4 4. Qc2 c5 5. dxc5 Na6 6. Nf3 Nxc5 7. e3 b6 8. Bd2
O-O 9. Be2 Bb7 10. O-O Rc8 11. Rac1 d5 12. Nxd5 Nxd5 13. cxd5 Bxd2 14. Qxd2
Bxd5 15. b3 Ne4 16. Qb2 Qf6 17. Qxf6 gxf6 18. Ba6 Rc5 19. Nd4 Ra5 20. Bd3 Rxa2
21. Rc7 Nd2 22. Rd1 Nxb3 23. Nb5 a5 24. e4 Ba8 25. Bc4 a4 26. Nd6 Rd8 27. h4
Rd2 28. Rxd2 Nxd2 29. Nxf7 Nxc4 30. Nxd8 b5 31. Nxe6 Bxe4 32. Nc5 Bf5 33. Nxa4
Na3 34. Nc5 Nc4 35. f3 h5 36. Kf2 Ne5 37. Kg3 Bg6 38. Rb7 Be8 39. Rb8 Kf7 40.
Ne4 Bc6 41. Nd6+ Ke7 42. Nxb5 Nd7 43. Rh8 Bxb5 44. Rxh5 Bd3 45. Ra5 Ne5 46. h5
Kf7 47. Kf4 Nc4 48. Rc5 Kg7 49. g4 Kh6 50. Rc6 Kg7 51. h6+ Kf7 52. Rc7+ Kg8 53.
h7+ Kh8 54. g5 Nb6 55. Kg4 fxg5 56. Kxg5 Bxh7 57. Kh6 Bg8 58. f4 Nd5 59. Rc8
Ne7 60. Rxg8+ Kxg8 61. Kg5 Kf7 62. f5 Nc6 63. f6 Nd4 64. Kf4 Nc2 65. Kf3 Nb4
66. Kg2 Na6 67. Kf3 Nc5 68. Kg2 Ne4 69. Kf1 Nd2+ 70. Ke1 Nc4 71. Ke2 Ne5 72.
Ke3 Ng6 73. Ke4 Nf8 74. Ke3 Ne6 75. Ke4 Ng5+ 76. Ke3 Ke6 77. Kd2 Kf7 78. Ke2
Nh3 79. Ke1 Nf4 80. Kd1 Nd3 81. Kd2 Ne5 82. Ke3 Nc4+ 83. Kf4 Nb6 84. Kf5 Nd5
85. Kg5 Nc3 86. Kg4 Ne2 87. Kg5 Ng1 88. Kh6 Nf3 0-1

[Event "Champions Challenge 144th"]
[Site "Playchess.com INT"]
[Date "2006.04.29"]
[Round "2.2"]
[White "Kiselev, Vitaliy"]
[Black "Nakamura, Hikaru"]
[Result "0-1"]
[WhiteElo "2277"]
[BlackElo "2632"]
[PlyCount "130"]
[EventDate "2006.04.29"]
[EventType "k.o. (blitz)"]
[EventRounds "5"]
[EventCountry "GER"]
[SourceTitle "EXT 2007"]
[Source "ChessBase"]
[SourceDate "2006.11.23"]
[SourceVersion "1"]
[SourceVersionDate "2006.11.23"]
[SourceQuality "1"]

1. d4 Nf6 2. c4 g6 3. Nc3 Bg7 4. g3 O-O 5. Bg2 Nc6 6. Nf3 d6 7. O-O a6 8. h3
Rb8 9. e4 Nd7 10. Be3 e6 11. Qd2 b5 12. cxb5 axb5 13. b3 Re8 14. Rac1 Ne7 15.
Rfe1 Ba6 16. Bf1 Qc8 17. Nd1 c5 18. dxc5 dxc5 19. Qd6 Rb6 20. Qd2 Rc6 21. Nc3
c4 22. bxc4 bxc4 23. Red1 Nc5 24. Bxc5 Rxc5 25. Qd7 Nc6 26. Qxc8 Rxc8 27. Na4
Ra5 28. Nb6 Rb8 29. Nxc4 Rxa2 30. Nd6 Bxf1 31. Rxf1 Nd4 32. Nxd4 Bxd4 33. Rc8+
Rxc8 34. Nxc8 Bc5 35. e5 Re2 36. Nd6 Rxe5 37. Nc4 Re2 38. Kg2 g5 39. Kf3 Ra2
40. Ne3 Kg7 41. Rc1 Ba7 42. Rc7 h5 43. g4 h4 44. Rb7 Kg6 45. Rb3 f5 46. gxf5+
exf5 47. Rd3 Bc5 48. Rc3 Ra5 49. Nc4 Rb5 50. Ne5+ Kh5 51. Nd3 g4+ 52. Kg2 Bd6
53. Rc6 Rd5 54. Rc3 Rd4 55. Rb3 Kg5 56. Nc1 Rc4 57. Nd3 g3 58. Rb2 Rc3 59. Ne1
gxf2 60. Rxf2 Rg3+ 61. Kf1 Rxh3 62. Nf3+ Kg4 63. Nh2+ Rxh2 64. Rxh2 Bxh2 65.
Kg2 Bg3 0-1

[Event "Champions Challenge 144th"]
[Site "Playchess.com INT"]
[Date "2006.04.29"]
[Round "5.1"]
[White "Nakamura, Hikaru"]
[Black "Panarin, Mikhail"]
[Result "0-1"]
[WhiteElo "2632"]
[BlackElo "2502"]
[PlyCount "58"]
[EventDate "2006.04.29"]
[EventType "k.o. (blitz)"]
[EventRounds "5"]
[EventCountry "GER"]
[SourceTitle "EXT 2007"]
[Source "ChessBase"]
[SourceDate "2006.11.23"]
[SourceVersion "1"]
[SourceVersionDate "2006.11.23"]
[SourceQuality "1"]

1. d4 d5 2. Nf3 Nf6 3. c4 c6 4. Nc3 a6 5. e3 Bf5 6. Qb3 b5 7. cxd5 cxd5 8. a4
b4 9. Na2 Nc6 10. Bd2 e6 11. Ne5 Na5 12. Qd1 Qb6 13. Rc1 b3 14. Nc3 Bc2 15. Qf3
Bd6 16. Be2 O-O 17. O-O Rfc8 18. Bd1 Bxe5 19. dxe5 Ne4 20. Nxe4 dxe4 21. Qf4
Bd3 22. Bc3 Bxf1 23. Kxf1 Qb7 24. Be2 Nc4 25. Rd1 Nb6 26. a5 Na4 27. Bd4 Rc2
28. Rb1 Rac8 29. g4 Rxe2 0-1

[Event "Champions Challenge 144th"]
[Site "Playchess.com INT"]
[Date "2006.04.29"]
[Round "5.2"]
[White "Panarin, Mikhail"]
[Black "Nakamura, Hikaru"]
[Result "0-1"]
[WhiteElo "2502"]
[BlackElo "2632"]
[PlyCount "92"]
[EventDate "2006.04.29"]
[EventType "k.o. (blitz)"]
[EventRounds "5"]
[EventCountry "GER"]
[SourceTitle "EXT 2007"]
[Source "ChessBase"]
[SourceDate "2006.11.23"]
[SourceVersion "1"]
[SourceVersionDate "2006.11.23"]
[SourceQuality "1"]

1. e4 c5 2. Nf3 d6 3. d4 cxd4 4. Nxd4 Nf6 5. Nc3 a6 6. Be2 e5 7. Nb3 Be7 8. O-O
O-O 9. Be3 Bd7 10. a4 Bc6 11. Bf3 Nbd7 12. Qe2 Rc8 13. Rfd1 Qc7 14. a5 Rfd8 15.
Nc1 Nc5 16. Bxc5 dxc5 17. Nb3 Bd7 18. Nd5 Nxd5 19. exd5 Bd6 20. Nd2 f5 21. g3
e4 22. Bg2 c4 23. c3 Rf8 24. Nf1 Rf6 25. f4 exf3 26. Qxf3 f4 27. g4 Rg6 28. h3
Re8 29. Re1 Qc5+ 30. Kh1 Rxe1 31. Rxe1 h5 32. gxh5 Rh6 33. Nh2 Rf6 34. Ng4 Rf5
35. h6 Qxa5 36. hxg7 Kxg7 37. Qf2 Qc5 38. Qh4 f3 39. Qh6+ Kf7 40. Qh7+ Kf8 41.
Qh8+ Kf7 42. Qh7+ Kf8 43. Bxf3 Rxf3 44. Qxd7 Rxh3+ 45. Kg2 Rg3+ 46. Kh1 Qxd5+
0-1

[Event "Champions Challenge 144th"]
[Site "Playchess.com INT"]
[Date "2006.04.29"]
[Round "5.3"]
[White "Nakamura, Hikaru"]
[Black "Panarin, Mikhail"]
[Result "1-0"]
[WhiteElo "2632"]
[BlackElo "2502"]
[PlyCount "107"]
[EventDate "2006.04.29"]
[EventType "k.o. (blitz)"]
[EventRounds "5"]
[EventCountry "GER"]
[SourceTitle "EXT 2007"]
[Source "ChessBase"]
[SourceDate "2006.11.23"]
[SourceVersion "1"]
[SourceVersionDate "2006.11.23"]
[SourceQuality "1"]

1. d4 d5 2. c4 c6 3. Nc3 Nf6 4. Nf3 a6 5. c5 g6 6. g3 Bg7 7. Bg2 O-O 8. O-O Bf5
9. Qb3 Qc8 10. Bf4 Nbd7 11. Rfd1 Ne4 12. Nh4 e5 13. Nxf5 gxf5 14. Nxe4 fxe4 15.
dxe5 Nxc5 16. Qc3 Nd7 17. Bh3 Qe8 18. Qb3 Ra7 19. Be3 b6 20. Rac1 Nxe5 21. Qxb6
Ra8 22. b3 Qb8 23. Qxb8 Rfxb8 24. Bf4 Rb6 25. Rc2 a5 26. Bxe5 Bxe5 27. Bd7 Raa6
28. Rdc1 a4 29. bxa4 Rxa4 30. Bxc6 Ra5 31. Rc5 Rxc5 32. Rxc5 Bd6 33. Rc2 e3 34.
fxe3 Kg7 35. Bxd5 f6 36. Bb3 Be5 37. Kf2 Kg6 38. Kf3 Kg5 39. Rc4 h5 40. h4+ Kg6
41. Bc2+ Kh6 42. Rc8 Rb2 43. a4 Ra2 44. Rc5 Ra3 45. Rc4 Bb8 46. Bd3 Kg7 47. Rb4
Bd6 48. Rb7+ Kg8 49. Rb5 Be5 50. a5 Bc7 51. a6 Rxa6 52. Rxh5 Ra1 53. Rh6 Kg7
54. Rh7+ 1-0

[Event "ACP Blitz"]
[Site "Playchess.com INT"]
[Date "2006.??.??"]
[Round "3"]
[White "Nakamura, Hikaru"]
[Black "Volkov, Sergey"]
[Result "0-1"]
[WhiteElo "2640"]
[BlackElo "2634"]
[PlyCount "114"]
[EventDate "2006.12.??"]
[EventType "swiss (blitz)"]
[EventRounds "11"]
[EventCountry "GER"]
[SourceTitle "EXT 2013"]
[Source "ChessBase"]
[SourceDate "2012.11.22"]
[SourceVersion "1"]
[SourceVersionDate "2012.11.22"]
[SourceQuality "1"]

1. d4 d5 2. Nf3 Nf6 3. c4 c6 4. e3 Bf5 5. Nc3 e6 6. Nh4 Bg6 7. Nxg6 hxg6 8. Rb1
Nbd7 9. c5 e5 10. b4 a6 11. g3 g5 12. Bg2 g6 13. e4 Nxe4 14. Nxe4 dxe4 15. dxe5
Nxe5 16. Qxd8+ Rxd8 17. Bxg5 Be7 18. Be3 f5 19. a4 Ng4 20. h4 Nxe3 21. fxe3 Rd3
22. Ke2 Ra3 23. Ra1 Rxa1 24. Rxa1 g5 25. Rf1 gxh4 26. Rxf5 hxg3 27. Bxe4 Rh2+
28. Kf3 Rb2 29. Rf4 g2 30. Rg4 Rxb4 31. Rxg2 Bxc5 32. a5 Rb3 33. Kf4 Rxe3 34.
Rc2 Bd4 35. Rc4 c5 36. Bxb7 Ra3 37. Bxa6 Rxa5 38. Bb7 Kd7 39. Be4 Kd6 40. Bd3
Ra8 41. Kf3 Rg8 42. Be4 Rf8+ 43. Ke2 Ke5 44. Kd3 Rh8 45. Bb7 Rh3+ 46. Kc2 Rh2+
47. Kd3 Rh3+ 48. Kd2 Kf4 49. Rc2 Rb3 50. Bd5 Rb8 51. Kd3 Ke5 52. Bc4 Rf8 53.
Re2+ Kd6 54. Re6+ Kd7 55. Rh6 Rf3+ 56. Ke4 Re3+ 57. Kd5 Re5# 0-1

[Event "ACP Blitz"]
[Site "Playchess.com INT"]
[Date "2006.??.??"]
[Round "3"]
[White "Volkov, Sergey"]
[Black "Nakamura, Hikaru"]
[Result "0-1"]
[WhiteElo "2634"]
[BlackElo "2640"]
[PlyCount "58"]
[EventDate "2006.12.??"]
[EventType "swiss (blitz)"]
[EventRounds "11"]
[EventCountry "GER"]
[SourceTitle "EXT 2013"]
[Source "ChessBase"]
[SourceDate "2012.11.22"]
[SourceVersion "1"]
[SourceVersionDate "2012.11.22"]
[SourceQuality "1"]

1. d4 d5 2. c4 e6 3. Nc3 c5 4. cxd5 cxd4 5. Qxd4 Nc6 6. Qd2 exd5 7. Qxd5 Be6 8.
Qxd8+ Rxd8 9. e3 Nb4 10. Bb5+ Bd7 11. Bxd7+ Rxd7 12. Ke2 g6 13. Nf3 Bg7 14. Bd2
Nd3 15. Rab1 Ne7 16. Rhd1 O-O 17. Be1 Rfd8 18. Rd2 Bxc3 19. bxc3 Nc5 20. Rxd7
Rxd7 21. Rd1 Rc7 22. c4 Nc6 23. Nd4 Ne5 24. Nb5 Rc8 25. Nd6 Rd8 26. f4 Nc6 27.
e4 Ne6 28. Ke3 Ncd4 29. c5 Nc2+ 0-1

[Event "ACP Blitz"]
[Site "Playchess.com INT"]
[Date "2006.??.??"]
[Round "4"]
[White "McShane, Luke J"]
[Black "Nakamura, Hikaru"]
[Result "1-0"]
[WhiteElo "2614"]
[BlackElo "2640"]
[PlyCount "95"]
[EventDate "2006.12.??"]
[EventType "swiss (blitz)"]
[EventRounds "11"]
[EventCountry "GER"]
[SourceTitle "EXT 2013"]
[Source "ChessBase"]
[SourceDate "2012.11.22"]
[SourceVersion "1"]
[SourceVersionDate "2012.11.22"]
[SourceQuality "1"]

1. d4 Nf6 2. Nf3 g6 3. Bg5 Bg7 4. Nbd2 d5 5. c3 O-O 6. e3 h6 7. Bh4 c5 8. Bd3
b6 9. Qe2 Bb7 10. O-O Nbd7 11. Ne5 Nxe5 12. dxe5 Ne4 13. f4 f5 14. exf6 exf6
15. Nxe4 dxe4 16. Bc4+ Kh7 17. f5 g5 18. Rad1 Qe7 19. Bg3 Rad8 20. h3 Bc6 21.
Be6 Rxd1 22. Rxd1 Rd8 23. Rd2 Bf8 24. Qd1 Rxd2 25. Qxd2 Qe8 26. Bc7 Be7 27. c4
Qa8 28. Bd7 Kg7 29. Be6 Qb7 30. Bg3 h5 31. Qd1 Be8 32. h4 g4 33. Bf4 Bc6 34.
Kh2 Qa8 35. Bc7 Qb7 36. Bd6 Kf8 37. Bf4 Kg7 38. a3 a6 39. Qd2 b5 40. cxb5 axb5
41. b3 Qa7 42. Qb2 Qa6 43. Qc1 Be8 44. Qd2 Qxa3 45. Bd7 Bf7 46. Be6 Be8 47. Qd5
Qa8 48. Qxa8 1-0

[Event "ACP Blitz"]
[Site "Playchess.com INT"]
[Date "2006.??.??"]
[Round "4"]
[White "Nakamura, Hikaru"]
[Black "McShane, Luke J"]
[Result "1-0"]
[WhiteElo "2640"]
[BlackElo "2614"]
[PlyCount "113"]
[EventDate "2006.12.??"]
[EventType "swiss (blitz)"]
[EventRounds "11"]
[EventCountry "GER"]
[SourceTitle "EXT 2013"]
[Source "ChessBase"]
[SourceDate "2012.11.22"]
[SourceVersion "1"]
[SourceVersionDate "2012.11.22"]
[SourceQuality "1"]

1. d4 Nf6 2. c4 g6 3. Nc3 Bg7 4. e4 d6 5. f3 O-O 6. Bg5 c5 7. d5 e6 8. Qd2 exd5
9. cxd5 Nbd7 10. Nh3 a6 11. a4 Qa5 12. Be2 b5 13. O-O b4 14. Nd1 Nb6 15. Nhf2
c4 16. Be3 Bd7 17. Bd4 Rac8 18. Ne3 c3 19. bxc3 bxc3 20. Qd3 Nxa4 21. Qxa6 Qxa6
22. Bxa6 Nxd5 23. Nxd5 Bxd4 24. Bxc8 Rxc8 25. Ne7+ Kf8 26. Nxc8 c2 27. Nxd6 Nc3
28. Kh1 Ne2 29. Ra8+ Kg7 30. Nd3 Be3 31. Re1 Nf4 32. Rxe3 Nxd3 33. Ra1 c1=Q+
34. Rxc1 Nxc1 35. f4 Na2 36. Rb3 Be6 37. Rb7 Nc3 38. e5 Ne2 39. Rb4 Bd5 40. h3
h5 41. Kh2 h4 42. f5 g5 43. Rg4 Kh6 44. Ne4 Bxe4 45. Rxe4 Ng3 46. Ra4 Nxf5 47.
Ra6+ Kg7 48. Kg1 Nd4 49. Rf6 Ne6 50. Kf2 Nf4 51. Kf3 Ng6 52. Ke4 Nf8 53. Kf5
Nh7 54. Ra6 Kg8 55. Ra7 Kf8 56. e6 fxe6+ 57. Kg6 1-0

[Event "ACP Blitz"]
[Site "Playchess.com INT"]
[Date "2006.??.??"]
[Round "6"]
[White "Ginsburg, Gennadij"]
[Black "Nakamura, Hikaru"]
[Result "0-1"]
[WhiteElo "2506"]
[BlackElo "2640"]
[PlyCount "52"]
[EventDate "2006.12.??"]
[EventType "swiss (blitz)"]
[EventRounds "11"]
[EventCountry "GER"]
[SourceTitle "EXT 2013"]
[Source "ChessBase"]
[SourceDate "2012.11.22"]
[SourceVersion "1"]
[SourceVersionDate "2012.11.22"]
[SourceQuality "1"]

1. e4 c5 2. Nf3 e6 3. d4 cxd4 4. Nxd4 a6 5. Bd3 Qc7 6. O-O Nf6 7. Qe1 d6 8. Nc3
g6 9. Qe2 Bg7 10. Be3 Nc6 11. Rad1 O-O 12. Kh1 e5 13. Nb3 Be6 14. Bg5 Rac8 15.
Qe3 Rfe8 16. h3 Nb4 17. Rfe1 d5 18. exd5 Nfxd5 19. Nxd5 Bxd5 20. Bh6 e4 21.
Bxg7 exd3 22. Qh6 f5 23. Bc3 dxc2 24. Rc1 Nxa2 25. Rxc2 Rxe1+ 26. Bxe1 Qxc2 0-1

[Event "ACP Blitz"]
[Site "Playchess.com INT"]
[Date "2006.??.??"]
[Round "7"]
[White "Dreev, Alexey"]
[Black "Nakamura, Hikaru"]
[Result "1-0"]
[WhiteElo "2655"]
[BlackElo "2640"]
[PlyCount "131"]
[EventDate "2006.12.??"]
[EventType "swiss (blitz)"]
[EventRounds "11"]
[EventCountry "GER"]
[SourceTitle "EXT 2013"]
[Source "ChessBase"]
[SourceDate "2012.11.22"]
[SourceVersion "1"]
[SourceVersionDate "2012.11.22"]
[SourceQuality "1"]

1. d4 d5 2. c4 c6 3. Nf3 Nf6 4. e3 g6 5. Nc3 Bg7 6. Bd3 O-O 7. O-O dxc4 8. Bxc4
Bg4 9. h3 Bxf3 10. Qxf3 Nbd7 11. Rd1 Qc7 12. e4 e5 13. d5 cxd5 14. Bxd5 h6 15.
Be3 a6 16. Rac1 Rac8 17. Nb5 Qb8 18. Rxc8 Qxc8 19. Nd6 Qc7 20. Bxb7 Nc5 21. Bd5
Nxd5 22. Rxd5 Ne6 23. b3 Qc2 24. Rd2 Qc3 25. Nc4 Qb4 26. Qd1 Nd4 27. Nxe5 Nxb3
28. Qxb3 Qxb3 29. axb3 Bxe5 30. Bxh6 Rb8 31. Rd3 a5 32. f4 Bb2 33. e5 f6 34.
exf6 Bxf6 35. g3 Kf7 36. Kg2 Ke6 37. h4 Rc8 38. Kf3 Rc2 39. Bg5 Bc3 40. Kg4 Bb4
41. Bd8 Rc5 42. Re3+ Kf7 43. Be7 Rc3 44. Rxc3 Bxc3 45. Bd8 Be1 46. Kf3 Ke6 47.
g4 Kd5 48. h5 gxh5 49. gxh5 Ke6 50. Kg4 Kf7 51. Bc7 Kg7 52. Kg5 Bd2 53. Be5+
Kh7 54. Bc7 Kg7 55. Kg4 Kh6 56. Bd8 Kh7 57. Bg5 Kg7 58. Kf5 Be1 59. Ke6 Bd2 60.
Kf5 Be1 61. Kg4 Bd2 62. f5 Bc3 63. Kf3 Bb2 64. Ke4 Bc3 65. Kd5 Bd2 66. Bxd2 1-0